Foundations of library and information science : (Record no. 27800)

000 -LEADER
fixed length control field 00563nam a22001697a 4500
005 - DATE AND TIME OF LATEST TRANSACTION
control field 20250428105705.0
008 - FIXED-LENGTH DATA ELEMENTS--GENERAL INFORMATION
fixed length control field 230802b ||||| |||| 00| 0 eng d
040 ## - CATALOGING SOURCE
Transcribing agency SSBUL
082 ## - DEWEY DECIMAL CLASSIFICATION NUMBER
Edition number 23
Classification number 020
110 ## - MAIN ENTRY--CORPORATE NAME
Corporate name or jurisdiction name as entry element Lovely Professional University (Phagwara)
9 (RLIN) 28742
245 10 - TITLE STATEMENT
Title Foundations of library and information science :
Remainder of title DLIS 001 /
Statement of responsibility, etc. Edited by Reena Kapoor
260 ## - PUBLICATION, DISTRIBUTION, ETC.
Place of publication, distribution, etc. New Delhi :
Name of publisher, distributor, etc. Lovely Professional University,
Date of publication, distribution, etc. [20--]
300 ## - PHYSICAL DESCRIPTION
Extent 294 pages ;
Dimensions 26 cm.
650 ## - SUBJECT ADDED ENTRY--TOPICAL TERM
Topical term or geographic name entry element Library science
9 (RLIN) 10956
700 1# - ADDED ENTRY--PERSONAL NAME
Personal name Kapoor, Reena.
Relator term editor
9 (RLIN) 28743
942 ## - ADDED ENTRY ELEMENTS (KOHA)
Source of classification or shelving scheme
Koha item type Books (Long term)
Holdings
Withdrawn status Lost status Source of classification or shelving scheme Damaged status Not for loan Collection code Permanent Location Current Location Shelving location Date acquired Total Checkouts Full call number Barcode Date last seen Date last checked out Price effective from Koha item type Accession
          English Collection Shan State Buddhist University Library Shan State Buddhist University Library English Shelves 02/08/2023 3 020 Lo 22429 EB00022429 04/03/2026 05/02/2026 02/08/2023 Books (Long term) 22429
          English Collection Shan State Buddhist University Library Shan State Buddhist University Library English Shelves 02/08/2023 4 020 Lo 22431 EB00022431 14/08/2025 17/07/2025 02/08/2023 Books (Long term) 22431
          English Collection Shan State Buddhist University Library Shan State Buddhist University Library English Shelves 02/08/2023 2 020 Lo 22430 EB00022430 28/07/2025 30/06/2025 02/08/2023 Books (Long term) 22430

Library - 09407999929
Admin Office - 09407999979
Dean Office - 09250910768
Registrar Office - 09892297154
Email - [email protected]
Shan State Buddhist University, Phaya Phyu Taunggyi, Shan State, Myanmar.